Australian Citizenship Test - Level 3 - Statistics

General Stats
  • This quiz has been taken 97 times
  • The average score is 6 of 22
Answer Stats
Question Answer % Correct
in nrl and afl what like name comes before George Illawarra & Kilda Saint
73%
nickname for most popular supermarket Woolies
73%
What animal name is used to describe police officer's? Pigs
62%
As the song goes 'Great What Land' Southern
46%
What are winny blue's? Cigarettes
40%
With what product am i referring when i say 'how many do you do?' Weet Bix
37%
Mum's watching channel 7 at 7 during the week, what's on? Home and Away
33%
What place serves you hotcakes? Maccas
33%
Where do I go to get a bacon deluxe? Hungry Jack's
29%
Best Donut place in Australia? Krispy Kreme
28%
Nickname for a spirit drink that shares a name with a regional Qld town Bundy
26%
What famous aussie savoury snack was invented based on the chinese spring roll? Chiko
26%
when someone is whinging they are said to be 'carrying on like a what'? pork chop
23%
What is a kahlua margarita? Cocktail
21%
Which Australian is known as the voice of cricket? Richie Benaud
19%
Nickname for someone who is paid to drive you in a normal vehicle from 1 place to another? (before ubers existed) Cabby
18%
What about a 'family pack' consisting of peas Red Rooster
17%
what is someone doing when you tell them to 'chuck a u'ey' driving
15%
What racist term is used to describe someone of middle eastern discent living in Northern Sydney? Lebbo
9%
What is the most common place to go for some Butter chicken? Masala
5%
What slang name is used to describe the occupation of someone who wires up your house? Lecky
3%
Soccer used to be described as a game for 'What, Wogs and Pufftas'? Shiela's
3%
No matching quizzes found
Score Distribution
Percent of People with Each Score
Percentile by Number Answered
Your Score History
You have not taken this quiz